The Maharashtra State police dog squad manual. (Record no. 84242)

MARC details
000 -LEADER
fixed length control field 00671cam a22002291 4500
001 - CONTROL NUMBER
control field sa 68012011
003 - CONTROL NUMBER IDENTIFIER
control field DLC
005 - DATE AND TIME OF LATEST TRANSACTION
control field 20260227112606.0
008 - FIXED-LENGTH DATA ELEMENTS--GENERAL INFORMATION
fixed length control field 711115s1967 ii 00000 eng
010 ## - LIBRARY OF CONGRESS CONTROL NUMBER
LC control number sa 68012011 //r832
025 ## - OVERSEAS ACQUISITION NUMBER
Overseas acquisition number PL480:I-E-9721
043 ## - GEOGRAPHIC AREA CODE
Geographic area code a-ii---
050 0# - LIBRARY OF CONGRESS CALL NUMBER
Classification number HV8025
Item number .M24
082 ## - DEWEY DECIMAL CLASSIFICATION NUMBER
Classification number 363.2/48/0954792
110 10 - MAIN ENTRY--CORPORATE NAME
Corporate name or jurisdiction name as entry element Maharashtra (India)
245 14 - TITLE STATEMENT
Title The Maharashtra State police dog squad manual.
260 0# - PUBLICATION, DISTRIBUTION, ETC.
Place of publication, distribution, etc. Nagpur,
Name of publisher, distributor, etc. Govt. Press,
Date of publication, distribution, etc. 1967.
300 ## - PHYSICAL DESCRIPTION
Extent 41 p.
Dimensions 21 cm.
410 11 - SERIES STATEMENT/ADDED ENTRY--CORPORATE NAME [OBSOLETE, CAN/MARC], [LOCAL, USA]
Corporate name or jurisdiction name as entry element Its
Title of a work Publication
Volume number/sequential designation no. 7
500 ## - GENERAL NOTE
General note "For departmental use only."
650 #0 - SUBJECT ADDED ENTRY--TOPICAL TERM
Topical term or geographic name entry element Police dogs
Geographic subdivision India
-- Maharashtra (State)
General subdivision Handbooks, manuals, etc.

No items available.

Powered by Koha